Design of concrete structures (Record no. 3622)

000 -LEADER
fixed length control field 00547nam a22002057a 4500
001 - CONTROL NUMBER
control field 3622
003 - CONTROL NUMBER IDENTIFIER
control field BD-DhUET
008 - FIXED-LENGTH DATA ELEMENTS--GENERAL INFORMATION
fixed length control field 141102b xxu||||| |||| 00| 0 eng d
040 ## - CATALOGING SOURCE
Transcribing agency 0
Modifying agency BD-DhUET
082 ## - DEWEY DECIMAL CLASSIFICATION NUMBER
Classification number 624.183
Item number WIN/1972
100 ## - MAIN ENTRY--PERSONAL NAME
Personal name Winter, George
245 ## - TITLE STATEMENT
Title Design of concrete structures
Statement of responsibility, etc. by George Winter and Arthur H. Nilson
250 ## - EDITION STATEMENT
Edition statement 8th ed.
260 ## - PUBLICATION, DISTRIBUTION, ETC. (IMPRINT)
Place of publication, distribution, etc. New York
Name of publisher, distributor, etc. McGraw-Hill
Date of publication, distribution, etc. 1972
300 ## - PHYSICAL DESCRIPTION
Extent xii,615p.
504 ## - BIBLIOGRAPHY, ETC. NOTE
Bibliography, etc Includes bibliographies
650 #0 - SUBJECT ADDED ENTRY--TOPICAL TERM
Topical term or geographic name as entry element Reinforced concrete
700 ## - ADDED ENTRY--PERSONAL NAME
Personal name Nilson, Arthur H.
942 ## - ADDED ENTRY ELEMENTS (KOHA)
Koha item type General Book
Holdings
Koha full call number Shelving location Koha date last borrowed Piece designation (barcode) Lost status Koha item type Withdrawn status Koha date last seen Source of classification or shelving scheme Price effective from Not for loan Koha issues (times borrowed) Copy number Location (home branch) Damaged status Sublocation or collection (holding branch) Koha normalized classification for sorting Date acquired
624.183/WIN/1972Circulation section2025-05-2639870 General Book 2025-06-18 2014-11-02 21Central Library, BUET Central Library, BUET624_183000000000000_WIN_19722014-11-02
624.183/WIN/1972Circulation section2025-05-2644253 General Book 2025-05-28 2014-11-02 12Central Library, BUET Central Library, BUET624_000000000000000_183WIN19722014-11-02
624.183/WIN/1972Circulation section 39869 General Book 2014-11-18 2014-11-18  3Central Library, BUET Central Library, BUET624_000000000000000_183WIN19722014-11-18
624.183/WIN/1972Circulation section 39871 General Book 2014-11-18 2014-11-18  4Central Library, BUET Central Library, BUET624_000000000000000_183WIN19722014-11-18
624.183/WIN/1972Circulation section2025-05-2742844 General Book 2025-06-28 2015-02-22 25Central Library, BUET Central Library, BUET624_183000000000000_WIN_19722015-02-22
624.183/WIN/1972Circulation section 54930 General Book 2015-02-22 2015-02-22  6Central Library, BUET Central Library, BUET624_183000000000000_WIN_19722015-02-22
624.183/WIN/1972Circulation section2025-05-2645112 General Book 2025-05-27 2015-05-07 17Central Library, BUET Central Library, BUET624_183000000000000_WIN_19722015-05-07